000 00782nas a2200253 4500
001 BR0202681
003 BR-BrBNA
005 20231205103005.0
007 ta
008 230509b bl.|||p| |||| 00| 00por d
040 _aBR-BrBNA
_bpor
_cBiblioteca Nacional de Agricultura
041 _a(En)
072 _aL73
100 1 _aSilva, N.
100 1 _aCosta, G.M.
245 1 _aAn outbreak of acute bovine mastitis caused by Klebsiella pneumoniae in a dairy herd
650 _aGADO LEITEIRO
650 _aMAMITE
650 _aMORTALIDADE
650 _aVACINAÇÃO
773 0 _tArquivo Brasileiro de Medicina Veterinária e Zootecnia (Brazil)
_xISSN 0102-0935
_g(Aug 2001), v. 53(4) p. 401-405
_wBR0202681
909 _a202311
_bLúcia
_c55
_dLúcia Elande
942 _2AGRIS
_n0
_cANA
999 _c170443
_d170443